000 01290nam a2200313 i 4500
001 167665
003 ES-MaACL
005 20250724063437.0
008 921227s1779 sp |||| | lat d
016 7 _a158892
040 _aCAM
_bspa
080 _a34(37)
100 1 _aVinnius, Arnoldus,
_d1588-1657
_eaut
_9115335
245 1 0 _aArnoldi Vinnii ... In quatuor libros institutionum imperialium commentarius academicus et forensis
250 _aEditio nova in usum hispaniae iuventutis adornata
260 _aValentiae :
_bapud Benedictum Monfort,
_c1779.
300 _a2 volúmenes ([10], 612 ; [4], 496 páginas) ;
_c26 cm
_b
596 _aMarca tip. en port.
597 _aSign. : [ ]5, A-Z4, 2A-2Z4, 3A-3Z4, 4A-4G4, 4H2 ; Sign.: [ ]2, A-Z4, 2A-2Z4, 3A-3Q4.
597 _aAnteportada en ambos volúmenes
597 _aTexto a dos columnas
630 0 _9135269
_aCorpus juris civilis
650 7 _aDerecho romano
_2embne
_911764
740 0 2 _aInstitutionum imperialium commentarius
852 _aES-MaACL
_cDEPO
_dOlim: G-4496-97
_eVol. 1 falto de portada y de algunas páginas de preliminares
_fEx-libris ms. de Manuel Gallardo en v. 2
_jR-768-69
_xPergamino
942 _2udc
_cMONANT
_n0
999 _c167665
_d167665